Obálka Náhled e-knihy:
Epub
Pro půjčování e-knih musíte být přihlášeni.
Jak si půjčit online?

Bella Donna. Kráska z Florencie /

Historická romance z renesanční Florencie, v níž se objevuje bývalá kurtizána, vzkvétající obchod s kosmetikou i spletité intriky mocných.

Uloženo v:
Série:Bella Donna, část 1
Hlavní autor: Aurel, Catherine, 1975- (Autor)
Další autoři: Butala, Tomáš, 1980- (Autor)
Médium: E-kniha
Jazyk:Czech
Vydáno: Brno : MOBA, 2022
Vydání:Vydání první
Edice:Historický román (MOBA)
Témata:
Příbuzné jednotky:Z cyklu:: Bella Donna
Tagy:
Žádné tagy
LEADER 02956nam a2200493 i 4500
001 311700
003 CZ PrSKC
005 20260601215710.0
007 ta
008 221031s2022 xr g 000 f cze
015 |a cnb003467338 
020 |a 9788027904563  |q (vázáno) 
035 |a (OCoLC)1354195579 
040 |a ABG001  |b cze  |d ABA001  |e rda 
041 1 |a cze  |h ger 
072 7 |a 821.112.2-3  |x Německá próza, německy psaná  |2 Konspekt 
080 |a 821.112.2-31  |2 MRF 
080 |a (0:82-311.6)  |2 MRF 
100 1 |a Aurel, Catherine,  |d 1975-  |7 xx0278122  |4 aut 
240 1 0 |a Bella Donna - die Schöne von Florenz.  |l Česky 
245 1 0 |a Bella Donna.  |p Kráska z Florencie /  |c Catherine Aurel ; překlad Tomáš Butala 
246 3 0 |a Kráska z Florencie 
250 |a Vydání první 
264 1 |a Brno :  |b MOBA,  |c 2022 
300 |a 333 stran ;  |c 21 cm 
336 |a text  |b txt  |2 rdacontent 
337 |a bez média  |b n  |2 rdamedia 
338 |a svazek  |b nc  |2 rdacarrier 
490 1 |a Historický román 
500 |a Přeloženo z němčiny 
520 2 |a Historická romance z renesanční Florencie, v níž se objevuje bývalá kurtizána, vzkvétající obchod s kosmetikou i spletité intriky mocných.  |b Florencie, rok 1469. Časy, kdy bývala Cosima Bellani největší kráskou v celém městě, jsou tytam, a tak se Cosima začíná obávat o svou budoucnost. Když ji ale mladá šlechtična Simonetta požádá o pomoc, aby si získala manželovo srdce, Cosima dostane vynikající nápad: začne podnikat s kosmetikou a vyrábět vlastní přípravky, jelikož obchod s prášky, mastmi, olověnými pudry a růží začíná vzkvétat. S její pomocí se Simonetta stane nejkrásnější ženou v celé Florencii, které padá k nohám nejen vlivný Giuliano Medicejský, ale také ambiciózní malíř Sandro Botticelli. Jenže poté se ve městě rozpoutá nemilosrdný boj o moc a Cosima se Simonettou jsou vtaženy do všudypřítomných intrik. A tak brzy obchodují nejen s vybranými kosmetickými přípravky uloženými v pozlacených lahvičkách a skříňkách, ale také s tajemstvími a cennými informacemi... Nakladatelská anotace. Kráceno. 
546 |a Český text 
655 7 |a německé romány  |7 fd132945  |2 czenas 
655 7 |a historické romány  |7 fd132414  |2 czenas 
655 9 |a German fiction  |2 eczenas 
655 9 |a historical novels  |2 eczenas 
700 1 |a Butala, Tomáš,  |d 1980-  |7 xx0035415  |4 trl 
787 0 8 |i Z cyklu:  |t Bella Donna  |g 1 
830 0 |a Historický román (MOBA) 
900 |a ABA001  |b 21 
044 |a xr 
910 |a RBIT002 
998 |d 362005  |a https://core.palmknihy.cz/api/books/362005/cover?rjkzo8  |b https://core.palmknihy.cz/api/books/362005/cover/400?rjkzo8  |c https://core.palmknihy.cz/api/books/362005/cover/50?rjkzo8  |e 2026-10-31  |g 336  |i 9788027904563  |j https://core.palmknihy.cz/api/books/362005/preview.epub  |l   |q 49  |r 1  |s https://www.palmknihy.cz/kniha/362005  |t ebook  |y 2022  |z 0 
999 |d 311698